000 00590na a2200229 4500
001 17234
003 MIRAKIL
005 20181213154932.0
008 161023b tu 000 0
035 _a17234
040 _aMilas
_btur
_cTR-AnCHP
041 _atur
082 _a335
_bM25i 1991
090 _a335 M25i 1991
100 _aMandel, Ernest
245 _aİstanbul konferansı
_cErnest Mandel
260 _aİstanbul
_bYazın Yayıncılık
_c1991
300 _a40 s.
_c20 sm.
490 _aYeni Yol Broşür Dizisi
_v4
650 _aSosyalizm
_xToplantılar
942 _2ddc
_cBKS
999 _c3455
_d3455